000 00670cam a22002057a 4500
020 _a0070680752.
020 _a9789339205447 (hbk.)
022 _a978-0070680753
082 0 0 _a624.0684
_bCHI
_cM-38, P-122
100 1 _aChitkara K K.
_928181
245 1 0 _aConstruction project management :
_bplanning, scheduling, and controlling
_cKK Chitkara.
250 _a3rd ed,
260 _aNew Delhi :
_bMcGrawHill.,
_cc2015.
300 _axX, 826 p. :
_bill. ;
_c26 cm.
526 _a0
_b0
_c0
_d624_068400000000000_CHI
526 _a0
_b0
_c0
_d624_068400000000000_CHI
650 0 _aConstruction industry
_xManagement.
_9806
650 0 _aProject management.
942 _2ddc
_cBK
999 _c554014
_d554014